00829nam a22001097a 4500040000800000082002700008100005100035245049700086260002600583300002300609856008700632 cRUA aAED PRO 2017 B657 Or.1 aPROM SINITH ព្រុំ ស៊ីនិត aការសិក្សារអំពីប្រសិទ្ធភាពសេដ្ឋកិច្ចនៃកសិដ្ឋានចិញ្ចឹមមាន់យកសាច់នៅភូមិក្រាំងពលទេព សង្កាត់រការធំ ក្រុងច្បាមន ខេត្តកំពង់ស្ពឺ the study on economic efficiency of poultry farm production in krangpoltep village, rkathom commune, chbamon city, kompong speu province  aRUAbPhnom penhc2017 axi;40pbill;c29cm uhttps://drive.google.com/file/d/1xReBiGZPyyoPeMwt3O8I2XCCc9bNLhiY/view?usp=sharing